00745nam a2200229Ia 450000500170000000800410001702000220005804000190008004100120009908200130011124500680012426000560019230000150024844000210026350400500028463000320033463000350036665000500040165100330045170000210048485000100050520230602101413.0131103s9999 xx 000 0 und d a710212577cRs 200 aLoreto College aEnglish a335bSOC aSocialism and the intelligentsia 1880-1914cEdited by Carl Levy aLondon and New YorkbRoutledge and Kegan Paulc1987 axiii,301p  aHistory Workshop aIncludes bibliographical references and index aEurope Socialism, 1880-1914 aMiddleclass - Europe - History aEducation - Social Aspects - Europe - History aSocialism - Europe - History aLevy, Carl, 1951 aLCLIB